000 00713naa a22002657a 4500
001 57689
003 129019
005 20201118103340.0
008 ||||||n9999 ||| || ||
041 _aspa
245 0 _aRegimen disciplinario unico
260 _aBogotá :
_bLibrería Jurídica Sánchez R.,
_c1997.
300 _app.223-460
562 _e0
650 _aANÁLISIS JURÍDICO
650 _aCOLOMBIA
650 _aDEBIDO PROCESO
650 _aFALTA DISCIPLINARIA
650 _aRECURSOS ADMINISTRATIVOS
650 _aREGIMEN DISCIPLINARIO
650 _aSANCIONES DISCIPLINARIAS
650 _aSERVIDORES PÚBLICOS
773 _055751
_aDerecho administrativo colombiano
942 _cCHAP
999 _c57689
_d57689